00740 a2200181 4500003000500000005001700005040000900022082001200031245006000043260003000103300001800133505020900151538003300360650003000393942001200423999001900435952010400454Nust20170207154200.0 cNust a621.382 aElectronic communicationscHeathkit Educational systems aMichiganbHeath Co.c1981 aVarious pages aCommunications Fundamentals (Page 1-1) Amplitude Modulation (Page 2-1) AM Receivers (Page 3-1) Angle Modulation (Page 4-1) Pulse Modulation (Page 5-1) Antennas (Page 1-16 Communications Systems (Page 7-1) a Almirah No. 130 Shelf No.4 aElectronic communications 2ddccBK c194677d194677 00102ddc40708NFICaMCSbMCSd2016-12-12l0o621.382 ELEpMCS10349r2016-12-08w2016-12-12yBK